000 00966nam a2200301 i 4500
001 000003870
003 DO-SdBNP
005 20241111123644.0
007 ta
008 090714s2002 dr r 001 0 spa d
020 _a9993477281
040 _aDO-SdBNP
_bspa
_cBNPHU
_erda
082 _axxxx
_bP644
_222
100 _4aut.
_aPimentel, Miguel
_99271
_eautor
245 1 0 _aModernidad, post-modernidad y praxis de liberación /
_cMiguel Pimentel.
264 1 _aSanto Domingo :
_bEditora Universitaria,
_c2002.
300 _a276 páginas
_c21 cm.
336 _atexto
_btxt
_2rdacontent
337 _asin mediación
_bn
_2rdamedia
338 _avolumen
_bnc
_2rdacarrier
490 1 _aPublicaciones de la Universidad Autónoma de Santo Domingo
_v1090
490 1 _aFilosofía y Sociedad
_v10
500 _aIncluye índice
500 _aIncluye notas al pie de páginas
504 _aBibliografía p : 263-268
590 _aInventariado, 2019/BT
942 _2ddc
_cLBS1
999 _c3692
_d3692